00793nam a2200157 i 4500001000700000003000900007005001700016008004100033080001600074245023900090260006900329300004500398650002700443650005300470852011200523170687ES-MaACL20240229194805.0090330q18601869fr f |||| | fre d a72(430)"18"02aL'architecture allemande au XIXe. siècle b: recueil de maisons de ville et de campagne : villas, chalets, kiosques, décorations intérieures, décorations de jardins, etc. / cpublié par une Societé d'Architectes Allemands. aParis : bA. Morel et Cie, libr. : bErnst et Kom, c[1860-1869] a10 v. (lám. col. y n.) ; c36 x 28 cm. 7aArquitectura alemana2 4aDecoración y ornamentación arquitectónica. aES-MaACLjZ-157-166 z.- Sello: "Testamentaría de Rafael Monleón, año 1900" xOlim: G-5398-5407